Estadísticas para Familias de lenguas de Eurasia con un mapa

Haz click aquí para intentar la prueba.

Estadísticas generales

  • Esta prueba ha sido intentada 26 veces
  • La puntuación promedio es 6 de 26

Respuestas en el mapa

Las respuestas están codificadas por una escala verde-roja en el mapa de la prueba según el % correcto abajo.
 

Estadísticas de respuestas

Respuesta% Correcto
Indoeuropeo
70%
Túrquico
60%
Coreánico
55%
Urálico
45%
Japónico
40%
Afroasiático
35%
Austronesio
35%
Mongólico
30%
Sino-tibetano
30%
Austroasiático
20%
Drávidica
20%
Kra-dai
15%
Timor-Alor-Pantar
15%
Tungús
15%
Kartveliano
10%
Öñgan
10%
Yukaghir
10%
Ainu
5%
Caucásico noroccidental
5%
Caucásico nororientales
5%
Chukotko-camchatca
5%
Esquimo-aleutiana
5%
Gran andamanesa
5%
Hmong-mien
5%
Nivejí
5%
Yeniseiano
5%

Distribución de puntuación

Porcentaje por número respondido

Porcentaje de gente con cada puntuación

Historial de tus puntuaciones

No has intentado esta prueba.